00321nam a22001337a 4500003000400000008004100004020001800045082001200063100001900075245003800094250001900132260002800151300000800179OSt240102b |||||||| |||| 00| 0 eng d a9789350146378 a540 KHE aRAJSHREE,Khare aTextbook of Engineering Chemistry aEd.2nd Reprint aNew DelhibKatsonc2024 a782